000 00644nam a2200253Ia 4500
008 140626s9999 xx 000 0 und d
100 _aKhan, Rachel.
245 _a10 years after SARS :
_b have health communicators learnt the lessons? /
_cRachel Khan.
260 _cc2013.
300 _a40 : 1, page 4
440 _aMedia Asia
521 _aMC
650 _aA(H1N1).
650 _aBalance.
650 _aEpidemic.
650 _aGovernment.
650 _aH1N1.
650 _aHealth communication.
650 _aHealth.
650 _aOver communication.
650 _aSARS.
650 _aUnder communication.
942 _cSE
999 _c121180
_d121180